Music Quiz

Random Music or Taylor Swift Quiz

Who Sang It? III Quiz Stats

 Plays Quiz Updated Oct 31, 2019

Support Sporcle.
Go Orange.
Score 0/40 Timer 04:00
2 Plays Today
Question Answer Wrong Answers
Wrecking Ball Miley Cyrus
83.7%
Christina Aguilera
1.3%
Taylor Swift
2%
Selena Gomez
0.6%
Shake It Off Taylor Swift
83.3%
Christina Aguilera
1.5%
Selena Gomez
1.8%
Miley Cyrus
1%
Blank Space Taylor Swift
81.5%
Christina Aguilera
2.2%
Selena Gomez
1.9%
Miley Cyrus
1.7%
Party in the U.S.A. Miley Cyrus
81%
Christina Aguilera
2%
Taylor Swift
2.9%
Selena Gomez
1.5%
Bad Blood Taylor Swift
81%
Christina Aguilera
2.2%
Selena Gomez
1.8%
Miley Cyrus
2.2%
I Knew You Were Trouble Taylor Swift
80%
Christina Aguilera
2.5%
Selena Gomez
2.2%
Miley Cyrus
2.4%
Genie in a Bottle Christina Aguilera
78.4%
Taylor Swift
2.4%
Selena Gomez
3.8%
Miley Cyrus
2.6%
Lady Marmalade Christina Aguilera
78.1%
Taylor Swift
2.3%
Selena Gomez
2.9%
Miley Cyrus
3.3%
Teardrops on My Guitar Taylor Swift
73.1%
Christina Aguilera
4.6%
Selena Gomez
2.8%
Miley Cyrus
6.1%
Beautiful Christina Aguilera
67.5%
Taylor Swift
7.7%
Selena Gomez
7.5%
Miley Cyrus
3.7%
The Story of Us Taylor Swift
66.2%
Christina Aguilera
5.9%
Selena Gomez
8%
Miley Cyrus
5.2%
Malibu Miley Cyrus
64.8%
Christina Aguilera
7.1%
Taylor Swift
5%
Selena Gomez
9.1%
Ain't No Other Man Christina Aguilera
64.5%
Taylor Swift
5.8%
Selena Gomez
8.1%
Miley Cyrus
7%
Candyman Christina Aguilera
64.5%
Taylor Swift
4.4%
Selena Gomez
7.8%
Miley Cyrus
8.9%
We Can't Stop Miley Cyrus
64.5%
Christina Aguilera
7%
Taylor Swift
6.4%
Selena Gomez
8.4%
Kill Em with Kindness Selena Gomez
58.2%
Christina Aguilera
9.2%
Taylor Swift
9.9%
Miley Cyrus
8.3%
We Don't Talk Anymore Selena Gomez
58%
Christina Aguilera
8.1%
Taylor Swift
13.6%
Miley Cyrus
6.2%
Fearless Taylor Swift
57.7%
Christina Aguilera
12.3%
Selena Gomez
8.1%
Miley Cyrus
7.4%
Can't Be Tamed Miley Cyrus
54.2%
Christina Aguilera
13.9%
Taylor Swift
7.2%
Selena Gomez
9.7%
Picture to Burn Taylor Swift
54.1%
Christina Aguilera
11%
Selena Gomez
11.1%
Miley Cyrus
8.7%
The Heart Wants What It Wants Selena Gomez
52.7%
Christina Aguilera
13.8%
Taylor Swift
10.3%
Miley Cyrus
8.4%
Forever & Always Taylor Swift
45.9%
Christina Aguilera
14.8%
Selena Gomez
16.6%
Miley Cyrus
6.9%
It Ain't Me Selena Gomez
45.5%
Christina Aguilera
18.4%
Taylor Swift
7.9%
Miley Cyrus
13.1%
7 Things Miley Cyrus
44%
Christina Aguilera
12.7%
Taylor Swift
10.5%
Selena Gomez
17.7%
Me & the Rhythm Selena Gomez
41.4%
Christina Aguilera
23.7%
Taylor Swift
7.6%
Miley Cyrus
11.1%
Underappreciated Christina Aguilera
40.6%
Taylor Swift
9.9%
Selena Gomez
20.7%
Miley Cyrus
12.2%
Fly on the Wall Miley Cyrus
38.9%
Christina Aguilera
18.6%
Taylor Swift
10.5%
Selena Gomez
16.6%
Accelerate Christina Aguilera
37%
Taylor Swift
8.4%
Selena Gomez
22.4%
Miley Cyrus
15.6%
Girls Just Wanna Have Fun Miley Cyrus
35%
Christina Aguilera
32.5%
Taylor Swift
4.8%
Selena Gomez
13.1%
Me & My Girls Selena Gomez
32.9%
Christina Aguilera
21.2%
Taylor Swift
11.1%
Miley Cyrus
18.9%
Love Will Remember Selena Gomez
31.9%
Christina Aguilera
26.6%
Taylor Swift
15.8%
Miley Cyrus
9.1%
King of My Heart Taylor Swift
31.4%
Christina Aguilera
21.6%
Selena Gomez
20.7%
Miley Cyrus
10.2%
Loving Me 4 Me Christina Aguilera
30.2%
Taylor Swift
10.5%
Selena Gomez
27.8%
Miley Cyrus
14.7%
Can't Hold Us Down Christina Aguilera
30%
Taylor Swift
9.1%
Selena Gomez
16.6%
Miley Cyrus
28.7%
Younger Now Miley Cyrus
29.4%
Christina Aguilera
19%
Taylor Swift
14.6%
Selena Gomez
20.8%
Save Me from Myself Christina Aguilera
28.9%
Taylor Swift
9.9%
Selena Gomez
27.6%
Miley Cyrus
17.2%
Camouflage Selena Gomez
28.8%
Christina Aguilera
27.8%
Taylor Swift
10%
Miley Cyrus
17.1%
Like a Champion Selena Gomez
25.3%
Christina Aguilera
32.2%
Taylor Swift
8.9%
Miley Cyrus
17.4%
Shake It Up Selena Gomez
23.7%
Christina Aguilera
9.7%
Taylor Swift
44.2%
Miley Cyrus
8.3%
Who Owns My Heart Miley Cyrus
20.6%
Christina Aguilera
22.6%
Taylor Swift
12.9%
Selena Gomez
27.5%

You're not logged in!

Compare scores with friends on all Sporcle quizzes.
OR
Log In

From the Vault

Pixel Art - NFL Team VI

by goc3

You might have fond memories of growing up playing video games that looked like this.
Remove Ads.
Support Sporcle.
Get the best of Sporcle when you Go Orange. This ad-free experience offers more features, more stats, and more fun while also helping to support Sporcle. Thank you for becoming a member.

Show Comments

Extras

Top Quizzes Today


Score Distribution

Your Account Isn't Verified!

In order to create a playlist on Sporcle, you need to verify the email address you used during registration. Go to your Sporcle Settings to finish the process.

Report this User

Report this user for behavior that violates our Community Guidelines.

Details: